| 000 | 00672nam a2200253Ia 4500 | ||
|---|---|---|---|
| 003 | OSt | ||
| 005 | 20221005042446.0 | ||
| 006 | a|||||r|||| 00| 0 | ||
| 007 | ta | ||
| 008 | 221004b |||||||| |||| 00| 0 eng d | ||
| 024 | _a53825 | ||
| 037 | _cTextual | ||
| 040 |
_aCRL _cCRL _beng |
||
| 041 |
_2eng _aeng |
||
| 082 | _a2:97, L3 | ||
| 100 | _aRanganathan S R | ||
| 245 | 0 |
_aDocumentation _b Genesis and development |
|
| 260 |
_aDelhi _bVikas Publishing House India _c1973 |
||
| 300 |
_a310p. _ccm. |
||
| 650 |
_a DOCUMENTATION _9180838 |
||
| 650 | _aLIBRARY SCIENCE | ||
| 942 |
_h2:97, L3 _cTEXL _2cc |
||
| 999 |
_c950266 _d950266 |
||